000 03033nab a22006257a 4500
003 AR-RoUNA
022 _a03282384
040 _aAR-RoUNA
_bspa
041 _aspa
_hspa
044 _aag
110 _98413
_aSecretaria de Ciencia y Técnica.
_bBoletín de la Secretaria
245 _aCiencia y Tecnica
_hNº 7
_bBoletín de la Secretaría
260 _aBuenos Aires :
_bUP,
_c1994
300 _a53. p. :
_bplantas
_bfot. byn.
_c26x 20 cm
505 _tPANORAMA. p. 3
505 _tTALLER PARA LA DIFUSION Y VALORIZACION DE LA INVESTIGACION CIENTIFICA Y TECNOLOGICA. p. 5
505 _aCreación del Instituto de Investigación y Desarrollo Biotecnológico de Entre Ríos. p.7
505 _tPROGRAMAS NACIONALES. p. 9
505 _aPrograma Nacional de Informática y Electrónica. p. 9
505 _tCONICET. p. 17
505 _aInstituto de Investigación Mineras de San Juan. p. 17
505 _aÁrea de Transferencia de Tecnología. p. 21
505 _aComplejo Astronómico" El Leoncito ".p. 22
505 _aSituación de la bibliotecas y de la publicación de los trabajos científicos argentinos. p. 26
505 _aActividades del Área de Farmacología. p. 27
505 _tINFORMATICA. p. 29
505 _aEscuela Superior Latinoamericana de Informática. p. 29
505 _aDINFOPYME: Un programa de desarrollo informático para pequeñas y medianas empresas. p. 31
505 _aPrimer concurso para obras sobre informática. P. 32
505 _aInformática en el sector publico. p. 33
505 _aPrograma argentino-brasileño de investigación avanzados en informática. p. 34
505 _tCOOPERACION INTERNACIONAL. p. 35
505 _aPremios de ciencia y tecnología. p. 35
505 _aCiencia en democracia: nuestros científicos nos visitan. p. 36
505 _aCASTALAC II: Un foro para la discusión de la política y tecnológica en América Latina. p. 38
505 _tCURSOS, BECASY REUNIONESCIENTIFICAS. p. 42
505 _aCreación del Centro de Cultivos Tropicales. p. 44
505 _aCurso Nacional de Papa. p. 45
505 _ala Rioja capacita. p. 46
505 _tDIVULGACION CIENTIFICA Y TECNOLOGICA. p. 48
505 _aAna Camblong: Iniciación del dialogo escolar en un espacio de culturas en contacto. p. 48
505 _aNuevas publicaciones de la SECYT. p. 50
505 _aPublicaciones recibidas. p. 51
505 _tDOCUMENTOS. p. 53
505 _aGregorio Weinberg: Sobre la historia de la tradición científica latinoamericana .p. 53
505 _aActividades del Centro Internacional de Física Teórica de Trieste. p. 33
650 _aArquitectura
_911395
650 _aCiencia
_911396
773 0 _aBoletín de la Secretaría: Ciencia y Técnica
_dBuenos Aires, Aller Atucha y Asociados. 1988
_gnro.8 (sep-1985), 53.p
_x03265773
856 _uwww.secyt.unlu.edu.ar
908 _aImp
942 _2udc
_cART
945 _aMBP
_d2018-06-12
980 _81
_gMaricel Allasia
_61
_aMaricel Allasia
999 _c12464
_d12464